Marketing služeb : efektivně a moderně /
Uložené v:
| Hlavný autor: | |
|---|---|
| Médium: | Kniha |
| Jazyk: | Czech |
| Vydané: |
Praha :
Grada,
2008.
|
| Vydanie: | 1. vyd. |
| Edícia: | Manažer
Marketing |
| Témy: | |
| ISBN: |
9788024727219 (brož.) |
| Fyzický popis: |
232 s. ; 24 cm. |
| Tagy: |
Pridať tag
Žiadne tagy, Buďte prvý kto otaguje tento záznam!
|
Titul je dostupný aj v ... 

MARC
| LEADER | 00000nam a2200000 a 4500 | ||
|---|---|---|---|
| 001 | 000340331 | ||
| 005 | 20081208081529.0 | ||
| 008 | 080916s2008 xr f f 000 0 cze d | ||
| 020 | |a 9788024727219 (brož.) | ||
| 040 | |a SVKKK |b slo |c SVKKK |e AACR2 | ||
| 041 | 0 | |a cze | |
| 044 | |a xr |c CZ | ||
| 072 | 7 | |a 658 |x Riadenie a správa podniku |2 konspekt | |
| 072 | 7 | |a 37.016 |x Učebné osnovy. Vyučovacie predmety. Učebnice |2 konspekt | |
| 080 | |a 658.8 |2 2001 | ||
| 080 | |a 338.46 |2 2001 | ||
| 080 | |a (075.8) |2 2001 | ||
| 100 | 1 | |a Vaštíková, Miroslava | |
| 245 | 1 | 0 | |a Marketing služeb : |b efektivně a moderně / |c Miroslava Vaštíková. |
| 250 | |a 1. vyd. | ||
| 260 | |a Praha : |b Grada, |c 2008. | ||
| 300 | |a 232 s. ; |c 24 cm. | ||
| 490 | 1 | |a Manažer | |
| 490 | 1 | |a Marketing | |
| 504 | |a Bibliografia: s. 231-232 | ||
| 650 | 0 | 7 | |a marketing |2 SVKKKPH |
| 650 | 0 | 7 | |a služby |2 SVKKKPH |
| 655 | 7 | |a učebnice vysokých škôl |2 SVKKKPH | |
| 830 | 0 | |a Manažer | |
| 830 | 0 | |a Marketing | |
| 910 | |a svkkk | ||
| 919 | |a 978-80-247-2721-9 | ||
| 998 | |a BK | ||
| 090 | |g SCKHL |k Sklad Pribinova prízemie |a IV.203438 |j 1002234 |i 2720115977 |s Absenčne | ||
| 090 | |g SCKHL |k Sklad Pribinova prízemie |a IV.203439 |j 1002236 |i 2720115976 |s Absenčne | ||
| 090 | |g SCKHL |k Sklad Pribinova prízemie |a IV.203440 |j 1002237 |i 2720115975 |s Absenčne | ||
| 090 | |g SCKHL |k Sklad Pribinova prízemie |a IV.203441 |j 1002238 |i 2720115807 |s Absenčne | ||